000 01475nam a2200337 i 4500
003 DO-SdBNP
005 20250612131459.0
007 ta
008 250612b1981 dr ||||| |||| 00| 0 spa d
040 _aDO-SdBNP
_bspa
_cBNPHU
_erda
041 _aspa
082 4 _axxx
_bC414c
_222
245 0 0 _aCERESD 11 :
_bCentro de Estudios de la Realidad Social Dominicana
_cpresentación, José Oviedo.
264 _aSanto Domingo, República Dominicana :
_bUASD,
_c1981
300 _a602 páginas :
_bilustraciones ;
_c25 cm
336 _atexto
_btxt
_2rdacontent
337 _asin mediación
_bn
_2rdamedia
338 _avolumen
_bnc
_2rdacarrier
490 0 _aPublicaciones de la UASD
_v 299
490 0 _aColección historia y sociedad
_v46
504 _aIncluye bibliografía
505 _tLa expansión del capitalismo en el período 1966-1978 : (el papel de la industria) /
_rWilfredo Alemany, Alexis Álvarez y Rafael Feria,11 --
_tEconomía y política en República Dominicana, 1966-1980: el régimen balaguerista, tendencias y crisis /
_rJosé Oviedo, 215 --
_tLa crisis del 17 de mayo de 1978 y el Estado dominicano /
_rRafael Taveras, Josefina Padilla y Pura Sánchez, 407
590 _aInventariado, 2025 /LP
650 _aPolítica económica
_984931
650 _aPolítica
_944697
651 _aRepública Dominicana
700 1 _aOviedo, José,
_epresentador
_4pr.
_92671
710 2 _aUniversidad Autónoma de Santo Domingo.
910 _aLP
942 _2ddc
_cLBS1
999 _c59257
_d59257